000
00321 a2200157 4500
001
168896
020
_a
040
_c
Magnum
100
_a
Futema, Edson
240
1
0
_a
O ecossistema marinho
_l
por
245
1
0
_a
O ecossistema marinho
362
0
_a
1899
440
1
_a
Ática
697
_a
PARADIDATICOS
942
_c
BK
999
_c
168896
_d
168896